000 00657nam a2200181 a 4500
001 000045625
005 20201002052343.0
008 150417s1994 dr a 000 0 spa d
040 _aDO-SdBNP
_bspa
_cBNPHU
082 _axxxxx
_bxxxxx
100 1 _aSánchez, María Luisa,
_d1922-
_973690
245 1 0 _aPaís de Vendimia :
_b1947-1956 /
_cMaría Luisa Sánchez (María Serena) ; ilustraciones Tony Capellán ; edición Chichi Vicioso.
260 _aSanto Domingo :
_bBúho,
_c1994.
300 _a58 p. :
_bil. ;
_c28 cm.
500 _aIncluye datos biográficos de la autora
700 1 2 _aCapellán, Tony,
_eil.
_956884
700 1 2 _aVicioso, Chichi,
_eil.
_973691
999 _c45114
_d45114